000 00698nam a2200181Ia 4500
008 151018s9999 xx 000 0 und d
082 _bRBASDV10722
_a920
100 _aभीमराव कुलकर्णी
245 _aडॉ.बाबासाहेब आंबेडकर
250 _b1
260 _bसुविचार प्रकाशन मंडळ पुणे
_c1966
300 _a100
600 _aभीमराव कुलकर्णी
630 _aडॉ.बाबासाहेब आंबेडकर
700 _aभीमराव कुलकर्णी
730 _aडॉ.बाबासाहेब आंबेडकर
942 _cBOOK
999 _c1013077
_d1013074